00469nam a2200145Ia 4500008004100000041000800041082001800049100002300067245003400090260003400124300000800158650002700166999001900193952011100212210716s1990 xx 000 0 und d aeng a382.9143 WATP awaterhouse, Price. aDoing business in luxembourg. aU S AbPrice waterhousec1990 a218 aInternational Business c199017d199017 001040708MBAaAIMITbAIMITd2005-04-25l0o382.9143 WATPpMBA01582r2026-05-23 00:00:00w2021-07-16yBK